[Event "Wch Seniors 23rd 2013"]
[Site "Rijeka"]
[Date "2013.11.16"]
[Round "5.25"]
[White "Furman, Boris"]
[Black "Pushkov, Nikolai"]
[Result "1-0"]
[WhiteElo "2194"]
[BlackElo "2371"]
[PlyCount "65"]
[EventDate "2013.11.12"]

1. d4 Nf6 2. c4 e6 3. Nc3 d5 4. cxd5 exd5 5. Bg5 Be7 6. e3 c6 7. Bd3 Nbd7 8.
Qc2 O-O 9. Nf3 Re8 10. O-O Nf8 11. h3 Be6 12. Ne5 N6d7 13. Bxe7 Qxe7 14. f4 f6
15. Nxd7 Bxd7 16. Rf3 Qd6 17. f5 Re7 18. g4 Rae8 19. Qf2 c5 20. Kh1 c4 21. Bc2
b5 22. Rg1 Bc6 23. h4 Nd7 24. Bb1 b4 25. Ne2 c3 26. b3 Nb6 27. Nf4 Nc4 28. bxc4
dxc4 29. d5 Bxd5 30. Nxd5 Qxd5 31. e4 Qd2 32. Qc5 Qe2 33. Rf2 1-0

[Event "Wch Seniors 23rd 2013"]
[Site "Rijeka"]
[Date "2013.11.16"]
[Round "5.26"]
[White "Singer, Hans"]
[Black "Berkovich, Mark A"]
[Result "0-1"]
[WhiteElo "2177"]
[BlackElo "2357"]
[PlyCount "44"]
[EventDate "2013.11.12"]

1. d4 Nf6 2. Nf3 d5 3. c4 e6 4. Nc3 Bb4 5. Bg5 h6 6. Bxf6 Qxf6 7. e3 O-O 8. Qb3
c5 9. cxd5 exd5 10. Rc1 Nc6 11. Bb5 cxd4 12. Nxd4 Nxd4 13. Qxb4 Nxb5 14. Nxb5
Qg6 15. Rg1 Be6 16. f3 Rfc8 17. Kf2 Rc2+ 18. Rxc2 Qxc2+ 19. Kg3 a5 20. Qd4 Qg6+
21. Kf2 Rc8 22. Re1 Rc2+ 0-1

[Event "Wch Seniors 23rd 2013"]
[Site "Rijeka"]
[Date "2013.11.16"]
[Round "5.27"]
[White "Vogel, Jaap"]
[Black "Giffard, Nicolas"]
[Result "1/2-1/2"]
[WhiteElo "2191"]
[BlackElo "2348"]
[PlyCount "127"]
[EventDate "2013.11.12"]

1. d4 d5 2. Nf3 Nc6 3. g3 Bg4 4. Bg2 Qd7 5. h3 Bxf3 6. exf3 e6 7. O-O Nf6 8.
Re1 Be7 9. Nc3 O-O 10. a3 Rfd8 11. Qd3 a6 12. h4 Na7 13. b4 Nc8 14. Bh3 b6 15.
Bg5 h6 16. Be3 Nd6 17. g4 Nh7 18. h5 Nc4 19. f4 Bf6 20. Ne2 a5 21. Qb3 Bh4 22.
Reb1 Nf6 23. f3 Nh7 24. Qd3 Be7 25. c3 axb4 26. axb4 Ra4 27. Rxa4 Qxa4 28. Bf1
Ra8 29. Bc1 Qd7 30. Qc2 Nf6 31. Ng3 Bd6 32. Bd3 Qd8 33. Ne2 Ne8 34. Kg2 Na3 35.
Bxa3 Rxa3 36. Qd2 Be7 37. Rb2 Nd6 38. Ra2 Qa8 39. Bb1 Nc4 40. Rxa3 Qxa3 41. Qa2
Bh4 42. Qxa3 Nxa3 43. Bd3 Be1 44. g5 Nc4 45. Bxc4 dxc4 46. gxh6 gxh6 47. f5
exf5 48. d5 Kf8 49. f4 Ke8 50. Kf3 Bd2 51. b5 Kd7 52. Nd4 Kd6 53. Nxf5+ Kxd5
54. Nxh6 Ke6 55. Ke4 Bxc3 56. f5+ Ke7 57. Ng4 Bh8 58. h6 Kd6 59. h7 Ke7 60. Ne3
c3 61. Kd3 Kd6 62. Ng4 Ke7 63. Kc2 Kd6 64. Kd3 1/2-1/2

[Event "Wch Seniors 23rd 2013"]
[Site "Rijeka"]
[Date "2013.11.16"]
[Round "5.28"]
[White "Kostanjsek, Zorko"]
[Black "Stepovoj, Vladimir"]
[Result "1/2-1/2"]
[WhiteElo "2177"]
[BlackElo "2345"]
[PlyCount "141"]
[EventDate "2013.11.12"]

1. e3 d5 2. f4 c5 3. Nf3 g6 4. Be2 Bg7 5. O-O Nf6 6. d3 O-O 7. Qe1 Nc6 8. Nc3
d4 9. exd4 cxd4 10. Ne4 Nd5 11. Bd1 Qc7 12. Qh4 Ne3 13. Bd2 Nxf1 14. Kxf1 f5
15. Neg5 h6 16. c3 e6 17. Nh3 Bf6 18. Qxh6 Qg7 19. Qxg7+ Kxg7 20. Bb3 e5 21.
fxe5 Nxe5 22. Nxe5 Bxe5 23. Ng5 dxc3 24. bxc3 Re8 25. Re1 Bd7 26. Nf3 Bf6 27.
Bd5 Rxe1+ 28. Kxe1 Bc6 29. Bxc6 bxc6 30. Kd1 Re8 31. Be1 g5 32. h3 Kg6 33. Bd2
g4 34. hxg4 fxg4 35. Nh2 Kf5 36. Nf1 Bg5 37. Be1 Bf4 38. Bf2 a6 39. Be1 Rb8 40.
Ke2 Rh8 41. Kd1 Rb8 42. Ke2 Rg8 43. Kd1 g3 44. Ke2 Rh8 45. Bxg3 Rh1 46. Bxf4
Kxf4 47. g3+ Kg4 48. Ne3+ Kxg3 49. Nc4 Rh5 50. d4 c5 51. dxc5 Rxc5 52. Kd3 Kf4
53. Kd4 Rh5 54. a3 Rh3 55. Nb6 Kf5 56. Kc4 Ke6 57. Kb4 Rh5 58. a4 Kd6 59. Nc4+
Kc6 60. Na5+ Kc7 61. Nc4 Rg5 62. Nd2 a5+ 63. Kb3 Kb6 64. Nc4+ Ka6 65. Ka3 Rc5
66. Kb3 Rc8 67. Nd6 Rc6 68. Nc4 Rc7 69. Nd6 Rc6 70. Nc4 Rc7 71. Nd6 1/2-1/2

[Event "Wch Seniors 23rd 2013"]
[Site "Rijeka"]
[Date "2013.11.16"]
[Round "5.29"]
[White "Neumann, Joachim"]
[Black "Shevelev, Arkady"]
[Result "1/2-1/2"]
[WhiteElo "2175"]
[BlackElo "2302"]
[PlyCount "43"]
[EventDate "2013.11.12"]

1. c4 c5 2. Nf3 Nf6 3. Nc3 Nc6 4. g3 e6 5. Bg2 Qb6 6. e4 d6 7. O-O Be7 8. b3
O-O 9. Bb2 Bd7 10. Na4 Qc7 11. Nc3 Qb6 12. Na4 Qc7 13. Nc3 a6 14. d4 cxd4 15.
Nxd4 Nxd4 16. Qxd4 Bc6 17. Rfe1 Ne8 18. e5 dxe5 19. Qxe5 Qxe5 20. Rxe5 Bxg2 21.
Kxg2 Bf6 22. Re2 1/2-1/2

[Event "Wch Seniors 23rd 2013"]
[Site "Rijeka"]
[Date "2013.11.16"]
[Round "5.31"]
[White "Hess, Christian"]
[Black "Grabow, Pouelsten Holm"]
[Result "1/2-1/2"]
[WhiteElo "2285"]
[BlackElo "2157"]
[PlyCount "48"]
[EventDate "2013.11.12"]

1. c4 Nf6 2. Nc3 e6 3. e4 c5 4. e5 Ng8 5. Nf3 d5 6. cxd5 exd5 7. d4 cxd4 8.
Nxd4 Nc6 9. Bb5 Bd7 10. O-O Nge7 11. Re1 Be6 12. Bg5 Qd7 13. Qa4 Rc8 14. Rad1
a6 15. Bf1 h6 16. Nxe6 fxe6 17. Bc1 Nf5 18. Bd3 g6 19. Bf4 Nce7 20. Qb3 Qc7 21.
h4 Bg7 22. g4 Nxh4 23. Bg3 g5 24. Bxh4 gxh4 1/2-1/2

[Event "Wch Seniors 23rd 2013"]
[Site "Rijeka"]
[Date "2013.11.16"]
[Round "5.32"]
[White "Turikov, Viktor"]
[Black "Petzold, Hans"]
[Result "1-0"]
[WhiteElo "2256"]
[BlackElo "2130"]
[PlyCount "69"]
[EventDate "2013.11.12"]

1. Nf3 e6 2. c4 f5 3. g3 Nf6 4. Bg2 Be7 5. O-O d6 6. d4 O-O 7. Nc3 Qe8 8. Re1
Nc6 9. d5 exd5 10. cxd5 Ne5 11. Nd4 Qh5 12. e3 Qg6 13. Qc2 Bd8 14. Nce2 Qf7 15.
Nf4 g6 16. b3 Re8 17. Bb2 Bd7 18. Rac1 Ne4 19. Nde6 c6 20. Nxd8 Raxd8 21. Red1
g5 22. dxc6 Bxc6 23. Nd3 Rc8 24. Nxe5 dxe5 25. Qe2 Qe6 26. Rc2 Rcd8 27. Rdc1
Rc8 28. Qh5 Qf7 29. Qxf7+ Kxf7 30. Bxe4 fxe4 31. Rc5 Ke6 32. Rxe5+ Kf7 33. Rxg5
Rcd8 34. Bd4 a6 35. Rg7+ 1-0

[Event "Wch Seniors 23rd 2013"]
[Site "Rijeka"]
[Date "2013.11.16"]
[Round "5.33"]
[White "Serra Olives, Tomas"]
[Black "Frick, Christoph"]
[Result "1/2-1/2"]
[WhiteElo "2169"]
[BlackElo "2254"]
[PlyCount "52"]
[EventDate "2013.11.12"]

1. e4 c6 2. d4 d5 3. Nc3 dxe4 4. Nxe4 Nd7 5. Bc4 Ngf6 6. Nxf6+ Nxf6 7. Nf3 Bf5
8. O-O e6 9. Ne5 Be7 10. f4 h5 11. c3 Qc7 12. Qe2 Rd8 13. Bd2 c5 14. Be3 a6 15.
a4 Ng4 16. Nxg4 Bxg4 17. Qc2 Bf5 18. Qb3 O-O 19. Be2 h4 20. Bf3 Rd7 21. h3 Rfd8
22. Kh1 Bd6 23. Rf2 b5 24. axb5 axb5 25. dxc5 Bxc5 26. Bxc5 Qxc5 {Dirty
manuscript!} 1/2-1/2

[Event "Wch Seniors 23rd 2013"]
[Site "Rijeka"]
[Date "2013.11.16"]
[Round "5.34"]
[White "Mclaren, Brian"]
[Black "Gruzmann, Boris"]
[Result "1/2-1/2"]
[WhiteElo "2158"]
[BlackElo "2249"]
[PlyCount "63"]
[EventDate "2013.11.12"]

1. g3 g6 2. Bg2 Bg7 3. e4 c5 4. Nc3 Nc6 5. d3 Rb8 6. Be3 Nd4 7. Nge2 Nxe2 8.
Nxe2 Bxb2 9. Rb1 Bg7 10. Bxc5 d6 11. Be3 Qa5+ 12. Qd2 Qxa2 13. O-O h5 14. Nd4
Qa4 15. Ra1 Qd7 16. Rxa7 e5 17. Ne2 Ne7 18. c4 h4 19. Nc3 hxg3 20. fxg3 Nc6 21.
Ra2 Nd4 22. Rb2 Qd8 23. Nb5 O-O 24. Qb4 Nxb5 25. Qxb5 Ra8 26. Rbf2 Qa5 27. Qxa5
Rxa5 28. Bg5 Ra6 29. Be7 Re8 30. Bg5 Rf8 31. Be7 Re8 32. Bg5 1/2-1/2

[Event "Wch Seniors 23rd 2013"]
[Site "Rijeka"]
[Date "2013.11.16"]
[Round "5.35"]
[White "Brinck-Claussen, Bjorn"]
[Black "Altshul, Raffael"]
[Result "1/2-1/2"]
[WhiteElo "2248"]
[BlackElo "2150"]
[PlyCount "117"]
[EventDate "2013.11.12"]

1. d4 Nf6 2. c4 e6 3. Nc3 Bb4 4. e3 b6 5. Nge2 Ne4 6. Qc2 Bb7 7. a3 Bxc3+ 8.
Nxc3 Nxc3 9. Qxc3 d6 10. b4 Nd7 11. Bb2 a5 12. d5 e5 13. Bd3 axb4 14. axb4
Rxa1+ 15. Bxa1 c6 16. e4 O-O 17. O-O cxd5 18. cxd5 f5 19. exf5 Bxd5 20. Bc4
Bxc4 21. Qxc4+ Kh8 22. Rd1 Qc8 23. Qd3 Rf6 24. f4 h5 25. Re1 Qb8 26. Qh3 Rh6
27. fxe5 Nxe5 28. Bxe5 dxe5 29. Qc3 Rf6 30. Rxe5 Kh7 31. Qe3 Qd6 32. Qc3 Qd1+
33. Re1 Qd5 34. Rf1 Qe4 35. Qf3 Qxf3 36. Rxf3 Kh6 37. h4 g6 38. fxg6 Rxg6 39.
b5 Rd6 40. Rf5 Kg6 41. Rg5+ Kh6 42. Re5 Kg6 43. g3 Rd2 44. Kf1 Rb2 45. Rg5+ Kh6
46. Ke1 Rg2 47. Kd1 Rf2 48. Kc1 Rf3 49. Kc2 Re3 50. g4 hxg4 51. Rxg4 Re5 52.
Rb4 Rd5 53. Kb3 Kh5 54. Ka4 Rd1 55. Re4 Ra1+ 56. Kb4 Rb1+ 57. Kc4 Rc1+ 58. Kd4
Rd1+ 59. Kc4 1/2-1/2

[Event "Wch Seniors 23rd 2013"]
[Site "Rijeka"]
[Date "2013.11.16"]
[Round "5.36"]
[White "Nickl, Klaus"]
[Black "Harestad, Thor Geir"]
[Result "1/2-1/2"]
[WhiteElo "2122"]
[BlackElo "2238"]
[PlyCount "95"]
[EventDate "2013.11.12"]

1. d4 g6 2. Nf3 Bg7 3. Bf4 Nf6 4. e3 c5 5. c3 O-O 6. h3 cxd4 7. exd4 d6 8. Be2
Qb6 9. Qb3 Qc7 10. Nbd2 Nc6 11. O-O Rb8 12. Rfe1 Be6 13. Qa3 b5 14. Rac1 Qb6
15. b4 Nd5 16. Be3 h6 17. Qb2 f5 18. Nf1 Bf7 19. a3 Nxe3 20. Nxe3 e5 21. dxe5
dxe5 22. Red1 Rbd8 23. Rxd8 Rxd8 24. Rd1 Rxd1+ 25. Nxd1 e4 26. Ne1 Ne5 27. Qd2
a6 28. Nc2 Qc7 29. Nde3 f4 30. Nd1 g5 31. Nd4 Qd7 32. Qc2 Bd5 33. Nb3 f3 34.
gxf3 Qf7 35. Nd4 Nxf3+ 36. Bxf3 exf3 37. Qf5 Qxf5 38. Nxf5 Bf8 39. Nde3 Be4 40.
Nd4 Bg7 41. Nf1 Kf7 42. Nd2 Bd5 43. N2b3 Bxb3 44. Nxb3 Bxc3 45. Nc5 Bb2 46.
Nxa6 Bxa3 47. Nc7 Bxb4 48. Nxb5 1/2-1/2

[Event "Wch Seniors 23rd 2013"]
[Site "Rijeka"]
[Date "2013.11.16"]
[Round "5.37"]
[White "Christiansen, Arne"]
[Black "Gergel, Vladimir P"]
[Result "0-1"]
[WhiteElo "2117"]
[BlackElo "2237"]
[PlyCount "84"]
[EventDate "2013.11.12"]

1. d4 Nf6 2. c4 g6 3. Nc3 Bg7 4. g3 O-O 5. Bg2 d6 6. e4 Nc6 7. Nge2 e5 8. d5
Na5 9. b3 c5 10. dxc6 bxc6 11. O-O Qc7 12. Ba3 Rd8 13. Qc2 Be6 14. Qd2 Nb7 15.
Rfd1 Qc8 16. f3 Bh3 17. Qe3 h5 18. Rd3 Bxg2 19. Kxg2 Qe6 20. Rad1 Kh7 21. Qf2
Bh6 22. h3 Kg7 23. Bc1 Bxc1 24. Rxc1 Nc5 25. Rd2 a5 26. Rcd1 Ne8 27. Nc1 Qe7
28. Nd3 Ne6 29. Ne2 c5 30. Nb2 Nd4 31. Na4 Rab8 32. Nac3 Nc7 33. Nxd4 cxd4 34.
Nd5 Nxd5 35. cxd5 Rb4 36. Qe2 a4 37. bxa4 Rxa4 38. Rc2 Rda8 39. Rdd2 h4 40. f4
hxg3 41. Kxg3 Ra3+ 42. Rd3 f5 0-1

[Event "Wch Seniors 23rd 2013"]
[Site "Rijeka"]
[Date "2013.11.16"]
[Round "5.38"]
[White "Davydov, Mihail"]
[Black "Giesen, Dieter"]
[Result "1/2-1/2"]
[WhiteElo "2058"]
[BlackElo "2235"]
[PlyCount "56"]
[EventDate "2013.11.12"]

1. e4 e5 2. Nf3 Nf6 3. Nc3 Nc6 4. Bb5 Bb4 5. O-O O-O 6. d3 d6 7. Bg5 Bxc3 8.
bxc3 Qe7 9. Re1 Nd8 10. d4 Ne6 11. Bc1 Rd8 12. d5 Nf8 13. Bf1 c5 14. h3 h6 15.
g3 Rb8 16. c4 Bd7 17. a4 b6 18. Nh4 a6 19. Nf5 Bxf5 20. exf5 Ne8 21. Rb1 Qd7
22. g4 Qxa4 23. h4 Qd7 24. Bd3 b5 25. Ra1 Ra8 26. Bd2 Rdb8 27. Qe2 Nc7 28. f6
bxc4 1/2-1/2

[Event "Wch Seniors 23rd 2013"]
[Site "Rijeka"]
[Date "2013.11.16"]
[Round "5.40"]
[White "Pritchett, Craig W"]
[Black "Kurka, Dieter"]
[Result "1-0"]
[WhiteElo "2359"]
[BlackElo "2091"]
[PlyCount "61"]
[EventDate "2013.11.12"]

1. e4 e5 2. Nf3 Nc6 3. Bb5 a6 4. Ba4 Nf6 5. O-O Be7 6. Re1 b5 7. Bb3 d6 8. c3
Bg4 9. d3 O-O 10. Nbd2 Na5 11. Bc2 c5 12. Nf1 Re8 13. h3 Bxf3 14. Qxf3 c4 15.
Ne3 cxd3 16. Bxd3 g6 17. b4 Nc6 18. a4 Qb6 19. Qe2 Na7 20. Bd2 Qb7 21. Ng4 h5
22. Nxf6+ Bxf6 23. axb5 Nxb5 24. Rxa6 Rxa6 25. Bxb5 Rea8 26. Bxa6 Rxa6 27. Qd3
Be7 28. c4 Ra2 29. b5 Qb8 30. Be3 Bd8 31. Rd1 1-0

[Event "Wch Seniors 23rd 2013"]
[Site "Rijeka"]
[Date "2013.11.16"]
[Round "5.41"]
[White "Herbrechtsmeier, Christof"]
[Black "Finnlaugsson, Gunnar"]
[Result "1/2-1/2"]
[WhiteElo "2302"]
[BlackElo "2082"]
[PlyCount "50"]
[EventDate "2013.11.12"]

1. e4 e6 2. d4 d5 3. Nc3 dxe4 4. Nxe4 Nf6 5. Nxf6+ gxf6 6. Be3 b6 7. Qf3 c6 8.
O-O-O Bb7 9. Nh3 Bd6 10. Bc4 Nd7 11. Rhe1 Qe7 12. Bb5 Rc8 13. Bd3 Kd8 14. Qe2
Kc7 15. Ba6 h6 16. Bxb7 Kxb7 17. Bf4 Nf8 18. Qf3 Rd8 19. Bxd6 Rxd6 20. Nf4 Nd7
21. Qa3 Re8 22. Rd3 c5 23. dxc5 Nxc5 24. Rxd6 Qxd6 25. Qf3+ Kb8 1/2-1/2

[Event "Wch Seniors 23rd 2013"]
[Site "Rijeka"]
[Date "2013.11.16"]
[Round "5.42"]
[White "Batakovs, Olegs"]
[Black "Kolbak, Jens"]
[Result "1/2-1/2"]
[WhiteElo "2075"]
[BlackElo "2271"]
[PlyCount "100"]
[EventDate "2013.11.12"]

1. e4 e5 2. Nf3 Nc6 3. Bb5 Bc5 4. O-O Nd4 5. Nxd4 Bxd4 6. c3 Bb6 7. d4 c6 8.
Bc4 d6 9. dxe5 dxe5 10. Qxd8+ Bxd8 11. Nd2 Nf6 12. Nf3 Bc7 13. Re1 h6 14. h3
O-O 15. Bd2 Bd7 16. Rad1 Rfd8 17. Bc1 Be8 18. Bb3 Rxd1 19. Bxd1 Rd8 20. Bc2 c5
21. Nh4 c4 22. Nf5 Bb6 23. Ne3 Bb5 24. a4 Ba6 25. Rd1 Rxd1+ 26. Nxd1 Bc5 27.
Be3 Nd7 28. Kf1 f6 29. Ke2 b6 30. f3 h5 31. g3 Kf7 32. h4 g6 33. f4 Bb7 34. b4
cxb3 35. Bxb3+ Ke7 36. Bd5 Bxd5 37. exd5 Kd6 38. c4 Bb4 39. Nb2 e4 40. Bd4 Bc5
41. Bc3 a5 42. Nd1 f5 43. Bg7 Bb4 44. Ne3 Ke7 45. Bd4 Bc5 46. Bb2 Bb4 47. Bd4
Kf7 48. Nc2 Bc5 49. Bb2 Be7 50. Bd4 Bc5 1/2-1/2

[Event "Wch Seniors 23rd 2013"]
[Site "Rijeka"]
[Date "2013.11.16"]
[Round "5.44"]
[White "Toefferl, Heimo"]
[Black "Medancic, Rikard"]
[Result "1-0"]
[WhiteElo "2089"]
[BlackElo "2244"]
[PlyCount "77"]
[EventDate "2013.11.12"]

1. d4 f5 2. g3 g6 3. h4 Bg7 4. h5 c5 5. c3 Qb6 6. Nf3 cxd4 7. cxd4 Nc6 8. e3 e6
9. Nc3 Nf6 10. hxg6 hxg6 11. Rxh8+ Bxh8 12. Be2 d5 13. Nh4 Ne7 14. f4 Bd7 15.
Bd2 Ne4 16. g4 Bxd4 17. Nxe4 dxe4 18. exd4 Qxd4 19. Kf1 e3 20. Be1 Qxf4+ 21.
Kg1 Rd8 22. Ng2 Qh6 23. Qb3 f4 24. g5 Qf8 25. Qxb7 Qf5 26. Rd1 Nd5 27. Bf3 Qc2
28. Rxd5 exd5 29. Qxd5 Qxb2 30. Qe4+ Kf8 31. Qxf4+ Bf5 32. Qc7 Rd7 33. Qc5+ Kf7
34. Bd5+ Be6 35. Bxe6+ Kxe6 36. Qxe3+ Kf5 37. Qh3+ Kxg5 38. Bh4+ Kh5 39. Qxd7
1-0

[Event "Wch Seniors 23rd 2013"]
[Site "Rijeka"]
[Date "2013.11.16"]
[Round "5.45"]
[White "Schmidt, Gerhard"]
[Black "Catania, Duane"]
[Result "1-0"]
[WhiteElo "2237"]
[BlackElo "2029"]
[PlyCount "56"]
[EventDate "2013.11.12"]

1. d4 e6 2. Nf3 b6 3. e4 Bb7 4. Bd3 d6 5. O-O Be7 6. b3 Nd7 7. Bb2 Ngf6 8. Re1
O-O 9. c4 c5 10. e5 dxe5 11. dxe5 Nh5 12. Nc3 Nb8 13. Be4 Qxd1 14. Raxd1 Bxe4
15. Rxe4 g6 16. g4 Ng7 17. Ree1 Nc6 18. Ne4 Rfd8 19. Bc3 Ne8 20. Kf1 h6 21. Ke2
Kf8 22. Ke3 a6 23. Ke2 b5 24. Rxd8 Rxd8 25. Rd1 Rxd1 26. Kxd1 Nb4 27. Bxb4 cxb4
28. cxb5 axb5 {Dirty manuscript!} 1-0

[Event "Wch Seniors 23rd 2013"]
[Site "Rijeka"]
[Date "2013.11.16"]
[Round "5.46"]
[White "Wittmann, Walter"]
[Black "Ramos, Cesar"]
[Result "1/2-1/2"]
[WhiteElo "2224"]
[BlackElo "2009"]
[PlyCount "82"]
[EventDate "2013.11.12"]

1. e4 e5 2. Nf3 Nf6 3. Nxe5 d6 4. Nf3 Nxe4 5. d4 Be7 6. Bd3 Nf6 7. O-O Bg4 8.
h3 Bh5 9. Bf4 O-O 10. Nbd2 Re8 11. c3 Nbd7 12. Qb3 Nb6 13. a4 a5 14. Rfe1 Nfd5
15. Bh2 Bf6 16. g4 Rxe1+ 17. Rxe1 Bg6 18. Bb5 Be7 19. Nc4 Nxc4 20. Bxc4 Nb6 21.
Bf1 h5 22. gxh5 Bxh5 23. Bg2 Qd7 24. Nd2 Rb8 25. Nc4 Nxc4 26. Qxc4 Bg6 27. Qd5
b6 28. Re3 Kf8 29. Qc4 Bg5 30. Bc6 Qf5 31. Be4 Qd7 32. Bc6 Qf5 33. Rf3 Qb1+ 34.
Kg2 Bf6 35. Bd5 Rc8 36. Bxd6+ Kg8 37. Be5 Re8 38. Qc6 Rd8 39. Bxf6 gxf6 40. Rg3
Rd6 41. Qa8+ Kh7 1/2-1/2

[Event "Wch Seniors 23rd 2013"]
[Site "Rijeka"]
[Date "2013.11.16"]
[Round "5.47"]
[White "Yakimenko, Alexander A"]
[Black "Morriss, Pete"]
[Result "1/2-1/2"]
[WhiteElo "2212"]
[BlackElo "2008"]
[PlyCount "120"]
[EventDate "2013.11.12"]

1. d4 Nf6 2. c4 c5 3. d5 b5 4. Nc3 b4 5. Nb1 e6 6. g3 Bb7 7. Bg2 exd5 8. Nh3
Qb6 9. cxd5 d6 10. O-O Nbd7 11. Nd2 Be7 12. Nc4 Qb5 13. Ne3 g6 14. a4 bxa3 15.
Rxa3 Nb6 16. Nf4 Bf8 17. Bd2 Bg7 18. Qc2 O-O 19. Rfa1 g5 20. Rb3 Qd7 21. Nh3 h6
22. Nf5 Bxd5 23. Bxd5 Nbxd5 24. Ra6 Nb6 25. Rf3 g4 26. Nxh6+ Kh8 27. Rxf6 gxh3
28. Bc3 Qb7 29. f3 Nd5 30. Rfxd6 Nxc3 31. bxc3 Rab8 32. Nf5 Qb1+ 33. Qxb1 Rxb1+
34. Kf2 Rh1 35. f4 Re8 36. Rxa7 Rxh2+ 37. Kf3 Rhxe2 38. Rd1 h2 39. Rh1 Bxc3 40.
Rxf7 Be1 41. Rc7 Rc2 42. Rc6 Ree2 43. Kg4 Bb4 44. Kg5 Re8 45. Rh6+ Kg8 46.
R6xh2 Rxh2 47. Rxh2 c4 48. Rb2 Rb8 49. Rc2 c3 50. Nd4 Rc8 51. f5 Kf7 52. g4
Be7+ 53. Kf4 Rc4 54. Ke3 Bc5 55. Kd3 Rxd4+ 56. Kxc3 Rxg4 57. Kd3 Bd6 58. Rc6
Ke7 59. Ra6 Rf4 60. Ra7+ Kf6 1/2-1/2

[Event "Wch Seniors 23rd 2013"]
[Site "Rijeka"]
[Date "2013.11.16"]
[Round "5.48"]
[White "Beltz, Robert"]
[Black "Nilsson, Weine"]
[Result "1-0"]
[WhiteElo "2208"]
[BlackElo "2003"]
[PlyCount "59"]
[EventDate "2013.11.12"]

1. e4 c5 2. Nf3 g6 3. d4 cxd4 4. Qxd4 Nf6 5. Nc3 Nc6 6. Qa4 d6 7. e5 dxe5 8.
Nxe5 Qd4 9. Nxc6 Qxa4 10. Nxa4 bxc6 11. Bd3 Bg7 12. Bd2 O-O 13. Bc3 Nd5 14.
Bxg7 Kxg7 15. a3 f5 16. O-O-O Be6 17. Rhe1 Kf6 18. Nc5 Bc8 19. c4 Nf4 20. Bf1
Ne6 21. Nd3 Rd8 22. f4 a5 23. g3 Bb7 24. Rxe6+ Kxe6 25. Nc5+ Kf6 26. Rxd8 Rxd8
27. Nxb7 Ra8 28. Bg2 Ra6 29. Nc5 Ra7 30. Bxc6 1-0

[Event "Wch Seniors 23rd 2013"]
[Site "Rijeka"]
[Date "2013.11.16"]
[Round "5.49"]
[White "Baeta, Marcio Netto"]
[Black "Nukin, Tolegen"]
[Result "1/2-1/2"]
[WhiteElo "2068"]
[BlackElo "2208"]
[PlyCount "115"]
[EventDate "2013.11.12"]

1. d4 Nf6 2. Nf3 e6 3. g3 d5 4. c4 Bb4+ 5. Bd2 Bxd2+ 6. Nbxd2 O-O 7. Bg2 Nbd7
8. O-O c6 9. Qc2 Qe7 10. e4 dxe4 11. Nxe4 Nxe4 12. Qxe4 Nf6 13. Qe3 Rd8 14. a3
a5 15. Ne5 a4 16. Rfd1 Bd7 17. b4 axb3 18. Qxb3 Ra7 19. c5 Nd5 20. a4 Be8 21.
Nc4 Rb8 22. Bxd5 exd5 23. Re1 Qf6 24. Qb6 Raa8 25. Ne5 Qf5 26. Qb1 Qxb1 27.
Rexb1 f6 28. Ng4 Bg6 29. Rb3 Bc2 30. Rb4 Bd3 31. Ra3 Ba6 32. Ne3 g6 33. f4 Re8
34. Kf2 h5 35. Rb2 Re4 36. Rd2 Bb5 37. a5 h4 38. Nd1 Bc4 39. Ne3 Ba6 40. Nc2
Bb5 41. Kf3 hxg3 42. hxg3 Kg7 43. Rh2 Ree8 44. Nb4 Rh8 45. Rxh8 Rxh8 46. Re3
Kf7 47. Ra3 Ra8 48. Nc2 Re8 49. Ne3 Rh8 50. Kg2 Ke6 51. Rb3 Ba6 52. Nd1 Rg8 53.
Re3+ Kf7 54. g4 g5 55. f5 Rh8 56. Nf2 Bc4 57. Rh3 Rxh3 58. Kxh3 1/2-1/2

[Event "Wch Seniors 23rd 2013"]
[Site "Rijeka"]
[Date "2013.11.16"]
[Round "5.51"]
[White "Chirinos, Cleren"]
[Black "Malmdin, Nils-Ake"]
[Result "0-1"]
[WhiteElo "2059"]
[BlackElo "2191"]
[PlyCount "72"]
[EventDate "2013.11.12"]

1. c4 g6 2. Nf3 Bg7 3. d4 Nf6 4. Nc3 O-O 5. e3 d6 6. Be2 c6 7. e4 Nbd7 8. O-O
e5 9. d5 Nc5 10. Qc2 cxd5 11. cxd5 Bd7 12. b4 Na6 13. Qb3 h6 14. Nd2 Ne8 15.
Nc4 f5 16. Bd2 f4 17. f3 h5 18. Be1 g5 19. Bf2 g4 20. Na5 g3 21. hxg3 fxg3 22.
Bxg3 Bh6 23. Nd1 Rf7 24. Rf2 h4 25. Bh2 Qb6 26. Rb1 Rc8 27. Kh1 Rg7 28. Bg1 Nf6
29. Rf1 Qc7 30. Be3 Bf4 31. Rc1 Nc5 32. bxc5 Qxa5 33. c6 Be8 34. cxb7 Rb8 35.
Rc8 Rbxb7 36. Qxb7 Rxb7 0-1

[Event "Wch Seniors 23rd 2013"]
[Site "Rijeka"]
[Date "2013.11.16"]
[Round "5.52"]
[White "Mckerracher, Douglas"]
[Black "Gundersen, Helge"]
[Result "1/2-1/2"]
[WhiteElo "2006"]
[BlackElo "2183"]
[PlyCount "69"]
[EventDate "2013.11.12"]

1. e4 e6 2. d3 d5 3. Nd2 Nf6 4. Ngf3 b6 5. e5 Nfd7 6. d4 a5 7. c3 Be7 8. Bd3
Ba6 9. Nf1 c5 10. Bxa6 Rxa6 11. Qe2 Ra7 12. Ng3 Qc8 13. O-O Qa6 14. Qe3 Nc6 15.
a3 a4 16. Re1 Na5 17. Qf4 Nb3 18. Rb1 Qd3 19. Be3 O-O 20. Qg4 Qg6 21. Qxg6 hxg6
22. Nd2 Na5 23. Ne2 Rc8 24. h3 Rb7 25. Kf1 Nb8 26. f4 Nbc6 27. g3 Na7 28. Kf2
Nb5 29. Kg2 Rbc7 30. Kf2 Rb7 31. Red1 cxd4 32. Nxd4 Nxd4 33. Bxd4 Bc5 34. Nf3
Nb3 35. Be3 1/2-1/2

[Event "Wch Seniors 23rd 2013"]
[Site "Rijeka"]
[Date "2013.11.16"]
[Round "5.54"]
[White "Titz, Heimo"]
[Black "Blaeser, Romain"]
[Result "1/2-1/2"]
[WhiteElo "2174"]
[BlackElo "1971"]
[PlyCount "38"]
[EventDate "2013.11.12"]

1. c4 b6 2. Nc3 e6 3. a3 Bb7 4. d4 f5 5. Nf3 Nf6 6. g3 Be7 7. Bg2 O-O 8. O-O
Ne4 9. Qc2 Nxc3 10. Qxc3 Bf6 11. Be3 Na6 12. b4 c5 13. Qd2 Qe7 14. Rac1 cxb4
15. axb4 Qxb4 16. Qa2 Qe7 17. Bd2 Rfc8 18. Rfd1 d6 19. e3 Kh8 1/2-1/2

[Event "Wch Seniors 23rd 2013"]
[Site "Rijeka"]
[Date "2013.11.16"]
[Round "5.55"]
[White "Bondar, Leonid"]
[Black "Hohler, Peter"]
[Result "0-1"]
[WhiteElo "2049"]
[BlackElo "2171"]
[PlyCount "78"]
[EventDate "2013.11.12"]

1. e4 e5 2. Nf3 Nc6 3. Bc4 Bc5 4. O-O Nf6 5. d3 d6 6. h3 h6 7. Nc3 O-O 8. Na4
Bb6 9. Nxb6 axb6 10. a3 Be6 11. Bxe6 fxe6 12. Nh2 Qe8 13. Be3 Qg6 14. Qe2 d5
15. exd5 exd5 16. Rac1 Rac8 17. Kh1 d4 18. Bd2 e4 19. dxe4 Nxe4 20. Qc4+ Kh7
21. Be1 Nd6 22. Qb3 Rf5 23. Nf3 Rb5 24. Bb4 Nxb4 25. axb4 c5 26. c3 c4 27. Qd1
d3 28. b3 Rd5 29. Nd2 b5 30. Ra1 Re5 31. bxc4 bxc4 32. Ra5 Re2 33. Nf3 Ne4 34.
Ne5 Rxf2 35. Rxf2 Nxf2+ 36. Kh2 Nxd1 37. Nxg6 Kxg6 38. Ra1 Ne3 39. Kg3 d2 0-1

[Event "Wch Seniors 23rd 2013"]
[Site "Rijeka"]
[Date "2013.11.16"]
[Round "5.56"]
[White "Carlsten, Peter"]
[Black "Balmazi, Leon"]
[Result "1/2-1/2"]
[WhiteElo "1997"]
[BlackElo "2159"]
[PlyCount "80"]
[EventDate "2013.11.12"]

1. e4 c5 2. Nf3 e6 3. d4 cxd4 4. Nxd4 Nf6 5. Nc3 Nc6 6. Ndb5 Bb4 7. Bf4 Nxe4 8.
Nc7+ Kf8 9. Qf3 d5 10. Nxa8 Nd4 11. Qd3 Qf6 12. Be3 Nxc3 13. Qxd4 Qxd4 14. Bxd4
Nb5+ 15. c3 Nxd4 16. Kd1 Bd6 17. cxd4 Ke7 18. Rc1 Bd7 19. Nc7 a6 20. a3 Rc8 21.
Nxd5+ exd5 22. Rxc8 Bxc8 23. Bd3 Bg4+ 24. f3 Bd7 25. g3 g6 26. Kd2 h5 27. Kc3
Bh3 28. b4 Kd8 29. a4 g5 30. Rg1 Bd7 31. Kb3 Be7 32. Be2 Bf6 33. h4 gxh4 34.
gxh4 Bxh4 35. Rh1 Bf2 36. Rxh5 Be6 37. Kc3 Be1+ 38. Kb3 Bf2 39. f4 Ke7 40. Kc3
Be1+ 1/2-1/2

[Event "Wch Seniors 23rd 2013"]
[Site "Rijeka"]
[Date "2013.11.16"]
[Round "5.57"]
[White "Hjertenes, Oystein"]
[Black "Diaz Franco, Francisco Jorge"]
[Result "1/2-1/2"]
[WhiteElo "2102"]
[BlackElo "1966"]
[PlyCount "22"]
[EventDate "2013.11.12"]

1. Nf3 c5 2. g3 Nf6 3. c4 g6 4. Bg2 Bg7 5. Nc3 Nc6 6. d4 cxd4 7. Nxd4 O-O 8. e3
a6 9. O-O e6 10. b3 Qa5 11. Bb2 Rd8 1/2-1/2